Možnosti zahrnutia mzdových zvýhodnení do mzdy
Možnosti odmeňovania zamestnancov v rámci kolektívneho a individuálneho vyjednávania. Práca nadčas. Práca vo sviatok. Práca v noci. Práca v sobotu a v nedeľu a iné mzdové zvýhodnenia.
Salvato in:
| Autore principale: | |
|---|---|
| Natura: | Capitolo di libro |
| Lingua: | slovacco |
| Soggetti: | |
| Tags: |
Nessun Tag, puoi essere il primo ad aggiungerne!!
|
MARC
| LEADER | 00000naa a2200000 4500 | ||
|---|---|---|---|
| 001 | r034041 | ||
| 005 | 20230919084153.5 | ||
| 041 | 0 | |a slo | |
| 044 | |a SK | ||
| 245 | 1 | 0 | |a Možnosti zahrnutia mzdových zvýhodnení do mzdy |c Miroslav Mačuha |
| 520 | |a Možnosti odmeňovania zamestnancov v rámci kolektívneho a individuálneho vyjednávania. Práca nadčas. Práca vo sviatok. Práca v noci. Práca v sobotu a v nedeľu a iné mzdové zvýhodnenia. | ||
| 610 | 2 | 0 | |a odmeňovanie |
| 610 | 2 | 0 | |a zvýhodnenie mzdové |
| 610 | 2 | 0 | |a zamestnanci |
| 610 | 2 | 0 | |a vyjednávanie kolektívne |
| 610 | 2 | 0 | |a práca nadčasová |
| 610 | 2 | 0 | |a práca vo sviatok |
| 610 | 2 | 0 | |a práca nočná |
| 610 | 2 | 0 | |a podmienky pracovné |
| 610 | 2 | 0 | |a zmluvy kolektívne |
| 100 | 1 | |a Mačuha, Miroslav | |